[Event "Bruges Masters 2018"]
[Site "Brugge"]
[Date "2018.08.16"]
[Round "6"]
[White "Geirnaert, Steven"]
[Black "Dardha, Daniel"]
[Result "1-0"]
[WhiteElo "2427"]
[BlackElo "2302"]
[Annotator "ChessBase"]
[PlyCount "55"]
[EventDate "2018.08.12"]
[EventType "swiss"]
[EventCountry "BEL"]
[SourceTitle "playchess.com"]
[Source "ChessBase"]
[SourceQuality "1"]
[TimeControl "5400+30"]

1. e4 {[%emt 0:00:00]} c5 {[%emt 0:00:00]} 2. Nf3 {[%emt 1:31:00]} Nc6 {[%emt 0:01:16]} 3. d4 {[%emt 0:00:00]} cxd4 {[%emt 0:00:10]} 4. Nxd4 {[%emt 0:00:00]} e5 {[%emt 0:00:43]} 5. Nb5 {[%emt 0:00:00]} d6 {[%emt 0:00:07]} 6. c4 {[%emt 0:00:00]} Be7 {[%emt 0:00:06]} 7. Bd3 {[%emt 0:00:00]} Be6 {[%emt 0:00:59]} 8. O-O {[%emt 0:00:00]} a6 {[%emt 0:03:38]} 9. N5c3 {[%emt 0:00:00]} Bg5 {[%emt 0:00:08]} 10. Nd2 {[%emt 0:00:00]} Nf6 {[%emt 0:00:09]} 11. b3 {[%emt 0:00:00]} O-O {[%emt 0:00:27]} 12. Bb2 {[%emt 0:00:00]} Nd4 {[%emt 0:03:39]} 13. Nd5 {[%emt 0:00:00]} Nxd5 {[%emt 0:14:10]} 14. exd5 {[%emt 0:00:00]} Bf5 {[%emt 0:00:17]} 15. Bxf5 {[%emt 0:00:00]} Nxf5 {[%emt 0:01:01]} 16. Ne4 {[%emt 0:00:00]} Be7 {[%emt 0:00:44]} 17. a4 {[%emt 0:00:00]} b5 {[%emt 0:11:20]} 18. c5 {[%emt 0:00:00]} dxc5 {[%emt 0:02:48]} 19. Bxe5 {[%emt 0:08:30]} f6 {[%emt 0:10:07]} 20. Bf4 {[%emt 0:00:00]} Rf7 {[%emt 0:07:16]} 21. d6 {[%emt 0:00:00]} Bf8 {[%emt 0:00:09]} 22. axb5 {[%emt 0:00:00]} axb5 {[%emt 0:01:33]} 23. Qd5 {[%emt 0:00:00]} Rxa1 {[%emt 0:00:38]} 24. Rxa1 {[%emt 0:00:00]} Nd4 {[%emt 0:01:44]} 25. Ra7 {[%emt 0:00:00]} Qe8 {[%emt 0:03:09]} 26. d7 {[%emt 0:00:00]} Qd8 {[%emt 0:07:13]} 27. Nd6 {[%emt 0:00:00]} Bxd6 {[%emt 0:01:38]} 28. Bxd6 {[%emt 0:00:00]} 1-0

[Event "Bruges Masters 2018"]
[Site "Brugge"]
[Date "2018.08.16"]
[Round "6"]
[White "Chernov, Vadim"]
[Black "Larsen, Sander"]
[Result "1/2-1/2"]
[WhiteElo "2412"]
[BlackElo "1929"]
[Annotator "ChessBase"]
[PlyCount "157"]
[EventDate "2018.08.12"]
[EventType "swiss"]
[EventCountry "BEL"]
[SourceTitle "playchess.com"]
[Source "ChessBase"]
[SourceQuality "1"]
[TimeControl "5400+30"]

1. e4 {[%emt 0:00:00]} c5 {[%emt 0:00:00]} 2. Nf3 {[%emt 0:00:00]} e6 {[%emt 0:00:00]} 3. g3 {[%emt 0:00:00]} Nc6 {[%emt 0:00:00]} 4. Bg2 {[%emt 0:00:00]} Nf6 {[%emt 0:02:17]} 5. Qe2 {[%emt 0:00:00]} Be7 {[%emt 0:05:51]} 6. e5 {[%emt 0:00:40]} Nd5 {[%emt 0:01:02]} 7. c4 {[%emt 0:00:08]} Ndb4 {[%emt 0:00:45]} 8. d3 {[%emt 0:00:15]} d6 {[%emt 0:01:43]} 9. a3 {[%emt 0:00:33]} Na6 {[%emt 0:00:03]} 10. exd6 {[%emt 0:00:22]} Qxd6 {[%emt 0:01:59]} 11. Nc3 {[%emt 0:00:31]} Nc7 {[%emt 0:02:21]} 12. Bf4 {[%emt 0:04:58]} Qd8 {[%emt 0:01:10]} 13. O-O {[%emt 0:00:17]} O-O {[%emt 0:00:29]} 14. Rad1 {[%emt 0:02:15]} f6 {[%emt 0:02:47]} 15. Bxc7 {[%emt 0:00:45]} Qxc7 {[%emt 0:00:09]} 16. d4 {[%emt 0:00:08]} Nxd4 {[%emt 0:04:31]} 17. Nxd4 {[%emt 0:00:11]} cxd4 {[%emt 0:00:04]} 18. Rxd4 {[%emt 0:00:35]} a6 {[%emt 0:17:25]} 19. Rfd1 {[%emt 0:01:39]} f5 {[%emt 0:02:53]} 20. Bd5 {[%emt 0:06:58]} Bf6 {[%emt 0:02:53]} 21. Bxe6+ {[%emt 0:00:25]} Bxe6 {[%emt 0:00:05]} 22. Qxe6+ {[%emt 0:00:07]} Qf7 {[%emt 0:00:05]} 23. Qxf7+ {[%emt 0:00:28]} Rxf7 {[%emt 0:00:03]} 24. Rd5 {[%emt 0:06:54]} Rc8 {[%emt 0:10:26]} 25. c5 {[%emt 0:02:54]} Bxc3 {[%emt 0:01:26]} 26. bxc3 {[%emt 0:00:01]} Rfc7 {[%emt 0:06:24]} 27. Rxf5 {[%emt 0:01:24]} g6 {[%emt 0:06:41]} 28. Rf3 {[%emt 0:02:49]} Rxc5 {[%emt 0:00:15]} 29. Rd7 {[%emt 0:01:43]} R5c7 {[%emt 0:00:07]} 30. Rdd3 {[%emt 0:00:15]} b5 {[%emt 0:05:14]} 31. h4 {[%emt 0:02:16]} a5 {[%emt 0:00:52]} 32. Kg2 {[%emt 0:00:44]} Rb8 {[%emt 0:02:56]} 33. h5 {[%emt 0:02:00]} gxh5 {[%emt 0:04:18]} 34. Rf5 {[%emt 0:00:51]} h4 {[%emt 0:03:59]} 35. gxh4 {[%emt 0:00:24]} b4 {[%emt 0:00:39]} 36. cxb4 {[%emt 0:02:33]} axb4 {[%emt 0:00:01]} 37. Rb3 {[%emt 0:07:46]} Rc3 {[%emt 0:05:42]} 38. Rxb4 {[%emt 0:55:11]} Rxb4 {[%emt 0:11:25]} 39. axb4 {[%emt 0:00:00]} Rc4 {[%emt 0:00:00]} 40. b5 {[%emt 0:00:00]} Rxh4 {[%emt 0:00:00]} 41. f4 {[%emt 0:00:00]} Rh6 {[%emt 0:00:00]} 42. Kf3 {[%emt 0:00:00]} Rh1 {[%emt 0:00:00]} 43. Ke4 {[%emt 0:00:00]} h5 {[%emt 0:00:00]} 44. Kd3 {[%emt 0:00:00]} h4 {[%emt 0:00:01]} 45. Kc2 {[%emt 0:00:00]} Rh2+ {[%emt 0:00:02]} 46. Kc3 {[%emt 0:00:00]} h3 {[%emt 0:01:21]} 47. Rh5 {[%emt 0:00:00]} Rh1 {[%emt 0:00:18]} 48. Kb2 {[%emt 0:00:00]} Rh2+ {[%emt 0:00:02]} 49. Kc3 {[%emt 0:00:00]} Rh1 {[%emt 0:00:01]} 50. Kc2 {[%emt 0:00:00]} Rh2+ {[%emt 0:00:12]} 51. Kd3 {[%emt 0:00:00]} Rh1 {[%emt 0:00:55]} 52. Ke4 {[%emt 0:00:00]} Rb1 {[%emt 0:01:41]} 53. Rxh3 {[%emt 0:00:00]} Rxb5 {[%emt 0:00:02]} 54. Rh6 {[%emt 0:00:00]} Kg7 {[%emt 0:00:19]} 55. Ra6 {[%emt 0:00:00]} Kf7 {[%emt 0:00:25]} 56. Rh6 {[%emt 0:00:00]} Rb4+ {[%emt 0:00:23]} 57. Kf5 {[%emt 0:00:00]} Rb5+ {[%emt 0:00:04]} 58. Kg4 {[%emt 0:00:00]} Rb1 {[%emt 0:00:38]} 59. Kg5 {[%emt 0:00:00]} Rb5+ {[%emt 0:01:57]} 60. f5 {[%emt 0:00:00]} Kg7 {[%emt 0:00:38]} 61. Rg6+ {[%emt 0:00:00]} Kf7 {[%emt 0:00:12]} 62. Ra6 {[%emt 0:00:00]} Rb7 {[%emt 0:00:20]} 63. Rh6 {[%emt 0:00:00]} Rb5 {[%emt 0:01:46]} 64. Rh7+ {[%emt 0:00:00]} Kg8 {[%emt 0:00:19]} 65. Re7 {[%emt 0:00:00]} Rb6 {[%emt 0:01:05]} 66. Re6 {[%emt 0:00:00]} Rb7 {[%emt 0:00:28]} 67. Kf6 {[%emt 0:00:00]} Rf7+ {[%emt 0:00:30]} 68. Ke5 {[%emt 0:00:00]} Ra7 {[%emt 0:00:08]} 69. Kf6 {[%emt 0:00:00]} Rf7+ {[%emt 0:00:03]} 70. Kg5 {[%emt 0:00:00]} Rb7 {[%emt 0:00:40]} 71. Rc6 {[%emt 0:00:00]} Kf7 {[%emt 0:00:28]} 72. Rh6 {[%emt 0:00:00]} Rb5 {[%emt 0:00:51]} 73. Rh8 {[%emt 0:00:00]} Kg7 {[%emt 0:00:39]} 74. Ra8 {[%emt 0:00:00]} Rb7 {[%emt 0:00:12]} 75. Ra5 {[%emt 0:00:00]} Rc7 {[%emt 0:01:00]} 76. f6+ {[%emt 0:00:00]} Kf7 {[%emt 0:00:14]} 77. Kf5 {[%emt 0:00:00]} Rb7 {[%emt 0:00:06]} 78. Ke5 {[%emt 0:00:00]} Rc7 {[%emt 0:00:19]} 79. Ke4 {[%emt 0:20:30]} 1/2-1/2

[Event "Bruges Masters 2018"]
[Site "Brugge"]
[Date "2018.08.16"]
[Round "6"]
[White "Mullink, Jochem"]
[Black "Nikolov, Momchil"]
[Result "0-1"]
[WhiteElo "2065"]
[BlackElo "2549"]
[Annotator "TA"]
[PlyCount "90"]
[EventDate "2018.08.12"]
[EventType "swiss"]
[EventCountry "BEL"]
[SourceTitle "playchess.com"]
[Source "ChessBase"]
[SourceQuality "1"]

{[%evp 17,90,29,33,-3,12,-39,-47,-44,-15,-58,-52,-46,-59,-110,-109,-169,-114,-131,-75,-63,-65,-70,-74,-80,-40,-17,-20,-50,0,-118,-108,-85,-97,-111,-85,-195,-199,-193,-67,-104,-122,-116,-113,-177,-107,-170,-179,-174,-172,-245,-215,-282,-276,-287,-287,-287,-283,-288,-283,-461,-450,-412,-380,-636,-635,-633,-627,-678,-671,-670,-612,-687,-517,-776,-587]} 1. e4 e5 2. Nf3 Nc6 3. Bc4 Bc5 4. d3 Nf6 5. c3 a6 6. Bg5 h6 7. Bh4 d6 8. a4 {C54: Giuoco Piano: 4 c3 Nf6, main lines with 5 d4 and 5 d3} Ba7 9. Nbd2 Qe7 {LiveBook: 12 Games} 10. Qe2 {White is slightly better.} Be6 11. a5 $146 (11. h3 $11) ({Predecessor:} 11. b4 O-O 12. O-O Rfe8 13. Rfb1 Rab8 14. a5 Bxc4 15. Nxc4 Qe6 16. Bxf6 Qxf6 {1-0 (51) Najer,E (2707)-Aleksandrov,A (2580) Tbilisi 2017}) 11... g5 12. Bg3 Nh5 13. Bd5 Bxd5 14. exd5 Nb8 15. Qe4 (15. Ng1 $15 Nf6 16. h4) 15... Nd7 $17 16. h4 (16. Qg4 $17) 16... O-O-O (16... Nc5 $19 17. Qc4 g4 $1 {[%mdl 512]}) 17. O-O-O Ng7 (17... Rdf8 $142 18. hxg5 hxg5) 18. hxg5 hxg5 19. Qg4 f6 20. d4 Kb8 21. dxe5 dxe5 22. Ne4 Nc5 23. b4 (23. Rxh8 $11 {remains equal.} Rxh8 24. b4 Nxe4 25. Qxe4) 23... Nd3+ 24. Kc2 {Black must now prevent Rxh8.} Rxh1 25. Rxh1 Nf4 $1 ({Not} 25... Rxd5 26. Rh8+ Rd8 27. Rxd8+ Qxd8 28. Nxf6 $1 $14 {[%mdl 512]}) 26. Nxf6 (26. Bxf4 $17 exf4 27. Nfd2) 26... Qxf6 $19 27. Qxg5 Nxd5 (27... Qf5+ $19 28. Qxf5 Nxf5) 28. Qxf6 Nxf6 29. Bxe5 Nge8 30. Rh8 (30. Nd4 $17 {was called for.}) 30... Rc8 ({Black should play} 30... Ng4 $19 31. Rg8 Nxe5 32. Nxe5 Bxf2) 31. Bd4 (31. Rf8 $17 Nd7 32. Rf7 Nxe5 33. Nxe5) 31... Bxd4 32. Nxd4 {[#]} Ng4 $1 33. f4 {[#]} (33. Rf8 {was worth a try.}) 33... Ne3+ $1 34. Kb3 Nxg2 35. Ne6 Nd6 36. Rh7 Ne3 37. Rd7 Nef5 38. c4 $2 (38. Rh7 {keeps fighting.}) 38... Re8 39. Nxc7 Re3+ 40. Ka4 $2 (40. Ka2 Nxc4 41. Nd5 Ra3+ 42. Kb1) 40... Nxc4 {[%cal Rc4b2] Black is clearly winning.} 41. b5 Re4 42. Rh7 Ncd6+ 43. Kb3 Nd4+ 44. Kb2 Re2+ 45. Kb1 (45. Kc3 $142 N4xb5+ 46. Nxb5 Nxb5+ 47. Kd3) 45... N6xb5 {Precision: White = 34%, Black = 63%.} 0-1

[Event "Bruges Masters 2018"]
[Site "Brugge"]
[Date "2018.08.16"]
[Round "6"]
[White "De Vent, Rens"]
[Black "Turner, Matthew J"]
[Result "0-1"]
[WhiteElo "1969"]
[BlackElo "2533"]
[Annotator "TA"]
[PlyCount "43"]
[EventDate "2018.08.12"]
[EventType "swiss"]
[EventCountry "BEL"]
[SourceTitle "playchess.com"]
[Source "ChessBase"]
[SourceQuality "1"]

{[%evp 9,43,18,56,2,22,2,7,5,7,-8,-6,-7,14,26,11,-33,-22,-89,-88,-74,-90,-95,-83,-87,-65,-345,-345,-345,-337,-345,-347,-439,-430,-432,-366,-486]} 1. d4 Nf6 2. Bf4 d6 3. e3 c6 4. Nf3 Bg4 5. Be2 (5. Nbd2 g6 6. h3 Bxf3 7. Qxf3 Bg7 8. Bc4 O-O 9. O-O Nbd7 10. c3 e5 11. Bh2 Qe7 12. Bb3 Ne8 13. Rad1 Kh8 14. Nc4 f5 15. dxe5 dxe5 16. Rd2 Nc5 17. Rfd1 {1-0 (50) Volodin,A (2354)-Shvyrjov,I (2412) Tallinn 2007}) 5... Qb6 6. Qc1 {A46: 1 d4 Nf6 2 Nf3 e6: Torre, London and Colle Systems} (6. Nbd2 $14) 6... Nbd7 $146 ({Predecessor:} 6... Nd5 7. Bg3 Nd7 8. Nbd2 h5 9. h3 Be6 10. b3 g6 11. Ng5 Bh6 12. Nc4 {1-0 (88) McFarland,M-Orio,R (1770) Tumon 2015}) 7. Nbd2 Nh5 8. O-O {The position is equal.} g6 9. h3 Nxf4 10. exf4 Bf5 (10... Bxf3 $5 11. Nxf3 Bg7 $11) 11. Nc4 Qc7 12. g4 Be6 13. Ng5 {[#]} (13. Ne3 $11 {keeps the balance.}) 13... Bxc4 $1 $17 14. Bxc4 d5 15. Bd3 e6 16. Re1 {With the idea f5.} Be7 17. Rxe6 $2 {[%mdl 8192] [#]} ({White should try} 17. c4 $15) 17... fxe6 $19 18. Nxe6 Qd6 19. f5 Nf8 20. Ng7+ Kf7 21. Qh6 g5 22. f6 {Precision: White = 16%, Black = 83%.} 0-1

[Event "Bruges Masters 2018"]
[Site "Brugge"]
[Date "2018.08.16"]
[Round "6"]
[White "De Bock, Thijs"]
[Black "Van Foreest, Lucas"]
[Result "0-1"]
[WhiteElo "1959"]
[BlackElo "2488"]
[Annotator "ChessBase"]
[PlyCount "52"]
[EventDate "2018.08.12"]
[EventType "swiss"]
[EventCountry "BEL"]
[SourceTitle "playchess.com"]
[Source "ChessBase"]
[SourceQuality "1"]
[TimeControl "5400+30"]

1. e4 {[%emt 0:00:00]} e5 {[%emt 0:10:02]} 2. Nf3 {[%emt 0:00:00]} Nc6 {[%emt 0:00:00]} 3. Bb5 {[%emt 0:00:00]} Nf6 {[%emt 0:00:01]} 4. d3 {[%emt 0:00:00]} Bc5 {[%emt 0:00:03]} 5. c3 {[%emt 0:00:30]} d5 {[%emt 0:00:27]} 6. Nxe5 {[%emt 0:04:11]} O-O {[%emt 0:00:21]} 7. Nxc6 {[%emt 0:01:53]} bxc6 {[%emt 0:00:03]} 8. Bxc6 {[%emt 0:00:24]} Bxf2+ {[%emt 0:00:01]} 9. Kxf2 {[%emt 0:01:49]} Ng4+ {[%emt 0:00:02]} 10. Kf1 {[%emt 0:05:06]} Qf6+ {[%emt 0:02:19]} 11. Qf3 {[%emt 0:00:04]} Qxc6 {[%emt 0:00:12]} 12. exd5 {[%emt 0:01:41]} Qg6 {[%emt 0:02:55]} 13. Na3 {[%emt 0:08:37]} Rb8 {[%emt 0:17:47]} 14. d4 {[%emt 0:05:37]} Re8 {[%emt 0:01:46]} 15. h3 {[%emt 0:02:19]} Nf6 {[%emt 0:00:13]} 16. Kg1 {[%emt 0:12:27]} Nh5 {[%emt 0:11:46]} 17. Nc4 {[%emt 0:05:03]} Qg3 {[%emt 0:19:07]} 18. Ne5 {[%emt 0:10:53]} Qxf3 {[%emt 0:00:06]} 19. gxf3 {[%emt 0:00:23]} Ba6 {[%emt 0:00:54]} 20. f4 {[%emt 0:12:26]} f6 {[%emt 0:04:09]} 21. Nc6 {[%emt 0:02:00]} Re1+ {[%emt 0:01:09]} 22. Kg2 {[%emt 0:00:02]} Re2+ {[%emt 0:00:33]} 23. Kf3 {[%emt 0:00:31]} Rbe8 {[%emt 0:00:01]} 24. b3 {[%emt 0:00:51]} Bd3 {[%emt 0:01:46]} 25. Rg1 {[%emt 0:05:55]} Rh2 {[%emt 0:00:44]} 26. Ba3 {[%emt 0:00:50]} Be2# {[%emt 0:26:33]} 0-1

[Event "Bruges Masters 2018"]
[Site "Brugge"]
[Date "2018.08.16"]
[Round "6"]
[White "Todts, Benny"]
[Black "Koziak, Vitali"]
[Result "0-1"]
[WhiteElo "1938"]
[BlackElo "2476"]
[Annotator "ChessBase"]
[PlyCount "46"]
[EventDate "2018.08.12"]
[EventType "swiss"]
[EventCountry "BEL"]
[SourceTitle "playchess.com"]
[Source "ChessBase"]
[SourceQuality "1"]
[TimeControl "5400+30"]

1. e4 {[%emt 0:00:00]} c5 {[%emt 0:01:29]} 2. d4 {[%emt 0:00:22]} cxd4 {[%emt 0:00:19]} 3. Nf3 {[%emt 0:00:05]} d6 {[%emt 0:03:26]} 4. Nxd4 {[%emt 0:00:12]} Nf6 {[%emt 0:00:08]} 5. Nc3 {[%emt 0:00:11]} e6 {[%emt 0:00:23]} 6. Be3 {[%emt 0:00:24]} a6 {[%emt 0:00:43]} 7. Qd2 {[%emt 0:01:39]} b5 {[%emt 0:01:18]} 8. f3 {[%emt 0:03:20]} Nbd7 {[%emt 0:04:22]} 9. g4 {[%emt 0:04:01]} Nb6 {[%emt 0:02:42]} 10. g5 {[%emt 0:09:49]} Nfd7 {[%emt 0:00:59]} 11. f4 {[%emt 0:05:40]} b4 {[%emt 0:06:03]} 12. Nd1 {[%emt 0:00:54]} Bb7 {[%emt 0:04:13]} 13. Nf2 {[%emt 0:02:28]} d5 {[%emt 0:01:57]} 14. Rg1 {[%emt 0:14:55]} dxe4 {[%emt 0:09:02]} 15. f5 {[%emt 0:06:19]} exf5 {[%emt 0:08:15]} 16. Nxf5 {[%emt 0:00:43]} Ne5 {[%emt 0:00:57]} 17. O-O-O {[%emt 0:11:34]} Qxd2+ {[%emt 0:05:43]} 18. Rxd2 {[%emt 0:01:38]} Nbc4 {[%emt 0:09:52]} 19. Bxc4 {[%emt 0:04:41]} Nxc4 {[%emt 0:01:27]} 20. Re2 {[%emt 0:04:01]} O-O-O {[%emt 0:05:08]} 21. Bd4 {[%emt 0:01:37]} Rd5 {[%emt 0:02:35]} 22. Bxg7 {[%emt 0:10:01]} Rxf5 {[%emt 0:01:03]} 23. Bxh8 {[%emt 0:01:29]} Bc5 {[%emt 0:00:09]} 0-1

[Event "Bruges Masters 2018"]
[Site "Brugge"]
[Date "2018.08.16"]
[Round "6"]
[White "Follesa, Enrico"]
[Black "Ouaki, Mark"]
[Result "0-1"]
[WhiteElo "1856"]
[BlackElo "1592"]
[Annotator "NA"]
[PlyCount "118"]
[EventDate "2018.08.12"]
[EventType "swiss"]
[EventCountry "BEL"]
[SourceTitle "playchess.com"]
[Source "ChessBase"]
[SourceQuality "1"]
[TimeControl "5400+30"]

1. e4 {[%emt 0:00:00]} e5 {[%emt 0:00:00]} 2. Nf3 {[%emt 0:00:00]} Nc6 {[%emt 0:00:00]} 3. d4 {[%emt 0:00:00]} exd4 {[%emt 0:00:08]} 4. Nxd4 {[%emt 0:00:00]} d6 {[%emt 0:01:53]} 5. Be3 {[%emt 0:00:13]} Bd7 {[%emt 0:03:17]} 6. Nc3 {[%emt 0:00:15]} Ne5 {[%emt 0:03:08]} 7. h3 {[%emt 0:05:26]} Be7 {[%emt 0:01:55]} 8. g3 {[%emt 0:00:44]} a6 {[%emt 0:01:23]} 9. f4 {[%emt 0:00:30]} Nc6 {[%emt 0:00:07]} 10. Bg2 {[%emt 0:02:48]} Bf6 {[%emt 0:04:18]} 11. O-O {[%emt 0:01:13]} Nge7 {[%emt 0:02:28]} 12. Qd3 {[%emt 0:05:53]} Bxd4 {[%emt 0:05:19]} 13. Bxd4 {[%emt 0:00:02]} Nxd4 {[%emt 0:00:11]} 14. Qxd4 {[%emt 0:00:08]} O-O {[%emt 0:00:07]} 15. Rae1 {[%emt 0:01:57]} Bc6 {[%emt 0:02:42]} 16. f5 {[%emt 0:02:17]} Re8 {[%emt 0:03:32]} 17. f6 {[%emt 0:00:22]} Ng6 {[%emt 0:00:10]} 18. Nd5 {[%emt 0:04:20]} Bxd5 {[%emt 0:02:12]} 19. Qxd5 {[%emt 0:02:29]} c6 {[%emt 0:04:42]} 20. Qb3 {[%emt 0:04:49]} Qc7 {[%emt 0:10:29]} 21. Rf2 {[%emt 0:05:29]} Ne5 {[%emt 0:04:01]} 22. Ref1 {[%emt 0:02:45]} Re6 {[%emt 0:01:46]} 23. fxg7 {[%emt 0:02:21]} Rg6 {[%emt 0:00:28]} 24. Kh2 {[%emt 0:04:32]} Qe7 {[%emt 0:05:12]} 25. Rf5 {[%emt 0:04:07]} Rxg7 {[%emt 0:03:19]} 26. R1f2 {[%emt 0:03:19]} Kh8 {[%emt 0:05:53]} 27. R2f4 {[%emt 0:09:56]} Rag8 {[%emt 0:01:24]} 28. g4 {[%emt 0:01:41]} c5 {[%emt 0:10:25]} 29. a4 {[%emt 0:07:04]} Qh4 {[%emt 0:03:27]} 30. Kg1 {[%emt 0:08:00]} Qe7 {[%emt 0:03:21]} 31. Qc3 {[%emt 0:00:53]} Ng6 {[%emt 0:01:19]} 32. Rxf7 {[%emt 0:00:16]} Nxf4 {[%emt 0:00:43]} 33. Rxe7 {[%emt 0:00:05]} Ne2+ {[%emt 0:00:10]} 34. Kf2 {[%emt 0:00:24]} Nxc3 {[%emt 0:00:09]} 35. Rxg7 {[%emt 0:00:08]} Nxe4+ {[%emt 0:00:26]} 36. Bxe4 {[%emt 0:00:03]} Rxg7 {[%emt 0:00:10]} 37. b3 {[%emt 0:00:45]} Re7 {[%emt 0:00:12]} 38. Kf3 {[%emt 0:00:12]} b5 {[%emt 0:00:37]} 39. axb5 {[%emt 0:00:11]} axb5 {[%emt 0:00:07]} 40. h4 {[%emt 0:00:14]} h6 {[%emt 0:01:04]} 41. h5 {[%emt 0:00:28]} Kg7 {[%emt 0:00:18]} 42. Kf4 {[%emt 0:00:18]} Kf6 {[%emt 0:00:22]} 43. Bf5 {[%emt 0:00:22]} c4 {[%emt 0:01:27]} 44. bxc4 {[%emt 0:00:18]} bxc4 {[%emt 0:00:08]} 45. Kg3 {[%emt 0:00:22]} d5 {[%emt 0:00:40]} 46. Kf4 {[%emt 0:00:15]} d4 {[%emt 0:00:19]} 47. Bg6 {[%emt 0:00:44]} Re1 {[%emt 0:01:22]} 48. Bf5 {[%emt 0:00:13]} Rf1+ {[%emt 0:02:19]} 49. Ke4 {[%emt 0:00:08]} Rd1 {[%emt 0:00:19]} 50. Kd5 {[%emt 0:00:12]} c3 {[%emt 0:00:43]} 51. Kc4 {[%emt 0:00:44]} Kg5 {[%emt 0:00:49]} 52. Kb4 {[%emt 0:00:09]} Rd2 {[%emt 0:00:53]} 53. Kc4 {[%emt 0:00:17]} Kf4 {[%emt 0:01:00]} 54. Kb4 {[%emt 0:00:50]} Ke3 {[%emt 0:00:28]} 55. Kb3 {[%emt 0:00:07]} d3 {[%emt 0:02:20]} 56. cxd3 {[%emt 0:04:04]} Kd4 {[%emt 0:00:25]} 57. Be6 {[%emt 0:02:50]} Rb2+ {[%emt 0:00:17]} 58. Ka3 {[%emt 0:00:24]} Rb6 {[%emt 0:00:22]} 59. Bb3 {[%emt 0:00:28]} Kxd3 {[%emt 0:00:11]} 0-1

[Event "Bruges Masters 2018"]
[Site "Brugge"]
[Date "2018.08.16"]
[Round "7"]
[White "Nikolov, Momchil"]
[Black "Gonzales, Jayson"]
[Result "1-0"]
[WhiteElo "2549"]
[BlackElo "2383"]
[Annotator "TA"]
[PlyCount "99"]
[EventDate "2018.08.12"]
[EventType "swiss"]
[EventCountry "BEL"]
[SourceTitle "playchess.com"]
[Source "ChessBase"]
[SourceQuality "1"]

{[%evp 12,99,35,48,91,48,41,32,99,83,83,91,89,88,81,91,86,87,109,109,104,107,154,100,106,107,98,112,112,103,102,102,112,114,110,108,112,100,111,109,155,155,187,127,133,139,220,215,222,223,237,225,268,233,576,578,563,547,639,628,808,791,1271,1356,1452,1283,1494,1469,29984,29985,29985,29986,29986,29986,29985,29984,29985,29986,29986,29987,29987,29988,29989,29990,29990,29990,29990,29991,29991,29984]} 1. d4 d5 2. Nf3 Nf6 3. c4 e6 4. Nc3 Bb4 5. Qa4+ Nc6 6. e3 Ne4 {D38: Damengambit (Ragosin-Verteidigung)} 7. Qc2 {LiveBook: 8 Partien} e5 $146 ({Vorgänger:} 7... Ba5 8. Be2 Nb4 9. Qa4+ Nc6 10. Qc2 Nb4 11. Qa4+ Nc6 12. Qb3 b6 13. cxd5 Qxd5 14. Bc4 {0-1 (71) Socko,B (2637)-Aleksandrov,A (2624) Wroclaw 2009}) 8. cxd5 Qxd5 {[%cal Re5d4] Weiß steht etwas besser.} 9. Bd3 Nd6 ({Lieber} 9... Bxc3+ $1 $14 10. bxc3 Ng5) 10. dxe5 Bxc3+ 11. Qxc3 Ne4 12. Qc4 Qxc4 13. Bxc4 Be6 14. Bb5 O-O-O 15. Bxc6 bxc6 16. Nd4 Bc4 17. b3 (17. Nxc6 $142 {Droht b3 und aus.} Rd7 18. b4) 17... Ba6 $16 {Schwarz will ...Sc5 spielen.} 18. Nxc6 Rd7 19. b4 Kb7 20. Nd4 c5 {[#]} 21. b5 $1 {[%cal Rb5a6]} cxd4 22. bxa6+ Kxa6 {und wenn ...d3 ginge, stände Schwarz gut.} 23. exd4 Rxd4 24. O-O $36 {[%mdl 2048] Weiss hat starke Initiative.} Rc8 25. Be3 Ra4 26. Rfd1 {[#] Und Td7 würde nun gewinnen.} Rc7 27. g3 (27. Rab1 $18) 27... Nc3 28. Rd2 Kb5 (28... Ra5 $16 29. Rc1 Kb7) 29. Kg2 Rac4 30. Rc1 a5 31. h4 {[%cal Bh2h4,Bh4h5,Bh5h6][%mdl 32]} Kb4 32. h5 a4 $2 (32... Nb5 {ist zäher.}) 33. Rb2+ $18 Ka3 34. Rbc2 Kb4 {Jetzt ...Sxa2 und Schwarz darf weiter klammern.} 35. Bd2 a3 36. f4 g6 37. h6 Rc8 38. Kf3 R8c7 39. g4 Rc8 40. Rxc3 {Weiß setzt Matt.} Rxc3+ 41. Rxc3 Rxc3+ 42. Bxc3+ Kxc3 {[%mdl 4096] Endspiel KB-KB} 43. f5 Kb2 44. fxg6 fxg6 45. e6 Kxa2 46. e7 Kb1 47. e8=Q a2 48. Qb5+ Kc2 49. Qa4+ Kb2 50. Ke4 {Precision: Weiß = 93%, Schwarz = 34%.} 1-0